书目信息 |
| 题名: |
基础化学实验与技术
|
|
| 作者: | 宋毛平 编著 | |
| 分册: | ||
| 出版信息: | 北京 化学工业出版社 2008.07 |
|
| 页数: | 568页 | |
| 开本: | 28cm | |
| 丛书名: | ||
| 单 册: | ||
| 中图分类: | O6-3 | |
| 科图分类: | ||
| 主题词: | 化学实验 | |
| 电子资源: | ||
| ISBN: | 978-7-122-02602-6 | |
| 000 | 00571nam0 2200193 45 | |
| 001 | 1030979269 | |
| 005 | 20101207083744.51 | |
| 010 | @a978-7-122-02602-6@dRMB 58.00 | |
| 100 | @a20101207d2008 km y0chiy0120 ea | |
| 101 | 0 | @achi |
| 102 | @aCN@b110000 | |
| 200 | 1 | @a基础化学实验与技术@Aji chu hua xue shi yan yu ji shu@f宋毛平等编著@Fsong mao ping deng bian zhu |
| 210 | @a北京@c化学工业出版社@d2008.07 | |
| 215 | @a568页@d28cm | |
| 606 | 0 | @a化学实验 |
| 690 | @aO6-3@v4 | |
| 701 | 0 | @a宋毛平@Asong mao ping@4编著 |
| 801 | 0 | @aCN@bPFT@c20101207 |
| 905 | @a10447@dO6-3@eS770 | |
| 基础化学实验与技术/宋毛平等编著.-北京:化学工业出版社,2008.07 |
| 568页;28cm |
| ISBN 978-7-122-02602-6:RMB 58.00 |
| ● |
| 相关链接 |
|
|
|
正题名:基础化学实验与技术
索取号:O6-3/S770
 
预约/预借
| 序号 | 登录号 | 条形码 | 馆藏地/架位号 | 状态 | 备注 |
| 1 | 824972 | 208249723 | 材料与化工学院资料室/ [索取号:O6-3/S770] | 在馆 |